UBT Library

Mosby's tour guide to nursing school : (Record no. 43823)

000 -LEADER
fixed length control field 00722cam a2200229 a 4500
001 - CONTROL NUMBER
control field 13217971
005 - DATE AND TIME OF LATEST TRANSACTION
control field 20180301070441.0
008 - FIXED-LENGTH DATA ELEMENTS--GENERAL INFORMATION
fixed length control field 030530s2002 moua b 001 0 eng
010 ## - LIBRARY OF CONGRESS CONTROL NUMBER
LC control number 2003269692
020 ## - INTERNATIONAL STANDARD BOOK NUMBER
International Standard Book Number 0323014410
040 ## - CATALOGING SOURCE
Original cataloging agency DLC
Transcribing agency DLC
Modifying agency DLC
041 ## - LANGUAGE CODE
Language code of text/sound track or separate title eng
080 ## - UNIVERSAL DECIMAL CLASSIFICATION NUMBER
Universal Decimal Classification number 610.730711 CHEN
082 00 - DEWEY DECIMAL CLASSIFICATION NUMBER
Classification number 610.730711 CHEN
Edition number 22
100 1# - Rafti
Rafti 1
101 ## - Shkurtesa
Shkurtesa INF
245 10 - TITLE STATEMENT
Title Mosby's tour guide to nursing school :
Statement of responsibility, etc Melodie Chenevert.
504 ## - BIBLIOGRAPHY, ETC. NOTE
Bibliography, etc Includes bibliographical references (p. 223-227) and index.
906 ## - LOCAL DATA ELEMENT F, LDF (RLIN)
a 7
b cbc
c origcop
d 2
e ncip
f 20
g y-gencatlg
942 ## - ADDED ENTRY ELEMENTS (KOHA)
Source of classification or shelving scheme
Item type Books
Holdings
Withdrawn status Lost status Source of classification or shelving scheme Damaged status Not for loan Collection code Permanent location Current location Shelving location Date acquired Total Checkouts Full call number Barcode Date last seen Price effective from Koha item type
          Koleksioni i përgjithshem UBT - Lipjan UBT - Lipjan Koleksioni i përgjithshem 03/01/2018   610.730711 CHEN 002-3000415 03/01/2018 03/01/2018 Books
UBT Library © 2015-2024. All rights reserved University Education for Business and Technology